1343 1707 1738 1082 1394 1494 1889 1228 1603 1997 1108 1576 1586 1367 1338 1467 1113 1319 1707 1362 1350 1759 1047 1845 1538 1001 1665 1490 1518 1824 1998 1538 1465 1962 1259 1272 1179 1847 1017 1877 1534 1202 1454 1450 1551 1829 1564 1658 1223 1200 1943 1090 1503 1348 1630 1076 1102 1363 1972 1529 1086 1070 1724 1679 1348 1429 1352 1412 1457 1376 1985 1250 1732 1643 1426 1226 1529 1162 1025 1199 1721 1664 1147 1929 1836 1690 1758 1907 1553 1194 1721 1491 1717 1502 1494 1115 1329 1288 1854 BCNSPRNW ULIB Ver.6.0+V

เปลี่ยนเป็นภาษาไทย

Change to English
 แสดงรายละเอียดบรรณานุกรม
  กลับหน้าหลัก

Brief Record : Get Marc (ISO 2709) : E-mail record : QR code < ปิดหน้าต่าง
LEADER : 00000nam 2200000uu 4500
001    13399124915
003     ULIB
008    160503s2556||||th 000 0 tha d
020    ^a9786162791765
060 04 ^aWG140^bP895
110 1  ^aมหาวิทยาลัยมหิดล. ^bคณะแพทยศาสตร์ศิริราชพยาบาล.^bภาควิชาอายุรศาสตร์. ^bสาขาวิชาหทัยวิทยา
245 00 ^aPractical electrocardiography. /^cบรรณาธิการ, ยงยุทธ สหัสกุล... [และคนอื่นๆ]
250    ^aพิมพ์ครั้งที่ 1
260    ^aกรุงเทพฯ :^bสาขาวิชาหทัยวิทยา ภาควิชาอายุรศาสตร์และศูนย์โรคหัวใจสมเด็จพระบรมราชินีนาถ คณะแพทยศาสตร์ศิริราชพยาบาลมหาวิทยาลัยมหิดล,^c2556
300    ^a406 หน้า :^bภาพประกอบ ;^c22 ซม.
500    ^aการพยาบาลผู้ใหญ่
505 0  ^aบทนำ -- ความรู้พื้นฐาน -- ห้องหัวใจโต -- โรคกล้ามเนื้อหัวใจขาดเลือด -- ภาวะหัวใจเต้นผิดจังหวะ -- ภาวะหัวใจเต้นผิดจังหวะจากตำแหน่งเหนือต่อเวนตริเกิล -- ภาวะหัวใจเต้นผิดจังหวะจากเวนตริเกิล -- ภาวะปิดกั้นการนำกระแสไฟฟ้าสู่เวนตริเกิล -- ความผิดปกติของคลื่นไฟฟ้าหัวใจในโรคและภาวะบางอย่าง
650  4 ^aการบันทึกคลื่นไฟฟ้าหัวใจ
650  4 ^aหัวใจ, โรค^xการวินิจฉัย
653    ^aผลงานอาจารย์คณะแพทยศาสตร์ศิริราชพยาบาล
700 0  ^aยงยุทธ สหัสกุล,^eบรรณาธิการ
710 2  ^aมหาวิทยาลัยมหิดล. ^bคณะแพทยศาสตร์ศิริราชพยาบาล.^bศูนย์โรคหัวใจสมเด็จพระบรมราชินีนาถ
945    ^p295^l0^i000690
945    ^p295^l0^i000691
945    ^p295^l0^i000692
945    ^p295^l0^i000693
945    ^p295^l0^i000694
945    ^p295^l0^i000695
945    ^p295^l0^i000696
999    ^aทศพร
รายการนี้ยังไม่มีแท็ก
คุณยังไม่ได้ล็อกอิน คุณสามารถมีกิจกรรมร่วมกับเว็บไซต์ได้ แต่ต้องล็อกอินก่อน ::
  ล็อกอิน

รายการสื่อสารสนเทศ

ลำดับที่ ประเภท เลขเรียก/บาร์โค้ด สถานที่ สถานะ
1. วิทยาศาสตร์การแพทย์ และสุขภาพ
หนังสือสำรอง
สถานะ=หนังสือสำรอง
WG140 P895 ฉ.1 
  Barcode: 000690
ห้องสมุดวิทยาเขตสวรรค์ประชารักษ์
►ส่วนจัดเก็บหนังสือเก่า สปร
บนชั้น
  ขอยืม
2. วิทยาศาสตร์การแพทย์ และสุขภาพ
วิทยาศาสตร์การแพทย์ และสุขภาพ
WG140 P895 ฉ.2 
  Barcode: 000691
ห้องสมุดวิทยาเขตสวรรค์ประชารักษ์
►ส่วนจัดเก็บหนังสือเก่า สปร
บนชั้น
  ขอยืม
3. วิทยาศาสตร์การแพทย์ และสุขภาพ
วิทยาศาสตร์การแพทย์ และสุขภาพ
WG140 P895 ฉ.3 
  Barcode: 000692
ห้องสมุดวิทยาเขตสวรรค์ประชารักษ์
►ส่วนจัดเก็บหนังสือเก่า สปร
บนชั้น
  ขอยืม
4. วิทยาศาสตร์การแพทย์ และสุขภาพ
วิทยาศาสตร์การแพทย์ และสุขภาพ
WG140 P895 ฉ.4 
  Barcode: 000693
ห้องสมุดวิทยาเขตสวรรค์ประชารักษ์
►หนังสือทั่วไป
บนชั้น
5. วิทยาศาสตร์การแพทย์ และสุขภาพ
วิทยาศาสตร์การแพทย์ และสุขภาพ
WG140 P895 ฉ.5 
  Barcode: 000694
ห้องสมุดวิทยาเขตสวรรค์ประชารักษ์
►ส่วนจัดเก็บหนังสือเก่า สปร
บนชั้น
  ขอยืม
6. วิทยาศาสตร์การแพทย์ และสุขภาพ
วิทยาศาสตร์การแพทย์ และสุขภาพ
WG140 P895 ฉ.6 
  Barcode: 000695
ห้องสมุดวิทยาเขตสวรรค์ประชารักษ์
►หนังสือทั่วไป
ถูกยืม กำหนดส่งวันที่ 8 มีนาคม 2567
  จอง
7. วิทยาศาสตร์การแพทย์ และสุขภาพ
วิทยาศาสตร์การแพทย์ และสุขภาพ
WG140 P895 ฉ.7 
  Barcode: 000696
ห้องสมุดวิทยาเขตสวรรค์ประชารักษ์
►ส่วนจัดเก็บหนังสือเก่า สปร
บนชั้น
  ขอยืม

รายการใกล้เคียง
    หัวเรื่อง [การบันทึกคลื่นไฟฟ้าหัวใจ]

BibComment


ยังไม่เคยถูกคอมเมนท์

คอมเมนท์ทรัพยากรรายการนี้
  คอมเมนท์: Practical electr..


 Copyright 2026. Bcnsprnw @Library